| 000 | 00943cam a2200301 a 4500 | ||
|---|---|---|---|
| 001 | 16652617 | ||
| 003 | ARRUPE | ||
| 005 | 20141210111850.0 | ||
| 008 | 110215s2009 sa b 000 0aeng | ||
| 010 | _a 2011372062 | ||
| 020 | _a9781868423620 (trade pbk.) | ||
| 020 | _a186842362X (trade pbk.) | ||
| 035 | _a(OCoLC)ocn461238020 | ||
| 040 |
_aOI@ _cOI@ _dEMU _dDLC |
||
| 042 | _alccopycat | ||
| 043 | _af-rh--- | ||
| 050 | 0 | 0 |
_aSPC DT2999.R64 _bA3 2009 |
| 100 | 1 |
_aRogers, Douglas, _d1968- _913161 |
|
| 245 | 1 | 4 |
_aThe last resort : _ba memoir of Zimbabwe / _cDouglas Rogers. |
| 260 |
_aJohannesburg : _bShort Books _cc2009. |
||
| 300 |
_a378 p. : _c22 cm. |
||
| 600 | 1 | 0 |
_aRogers, Douglas, _d1968- _xFamily. _913162 |
| 650 | 0 |
_aResorts _zZimbabwe. _913163 |
|
| 651 | 0 |
_aZimbabwe _xHistory _y1980- _913164 |
|
| 906 |
_a7 _bcbc _ccopycat _d3 _encip _f20 _gy-gencatlg |
||
| 942 |
_2lcc _cSPC |
||
| 999 |
_c121421 _d121421 |
||